Statistics for scientists and engineers /
Guardado en:
| Autor Principal: | |
|---|---|
| Formato: | Libro |
| Idioma: | English |
| Publicado: |
Englewood Cliffs, N.J. :
Prentice-Hall,
1964.
|
| Etiquetas: |
Agregar Etiqueta
Sin Etiquetas, Sea el primero en etiquetar este registro!
|
| LEADER | 01301nam a22001815 4500 | ||
|---|---|---|---|
| 001 | MAT.inmabb001836 | ||
| 008 | 840713s1964####njua#####b####001#0#eng#d | ||
| 005 | 20130225095545.0 | ||
| 245 | 1 | 0 | |a Statistics for scientists and engineers / |c R. Lowell Wine. |
| 260 | |a Englewood Cliffs, N.J. : |b Prentice-Hall, |c 1964. | ||
| 300 | |a xvi, 671 p. : |b il. ; |c 24 cm. | ||
| 504 | |a Incluye referencias bibliográficas. | ||
| 505 | 0 | |a (1) Introduction; (2) Frequency distributions; (3) Theoretical distributions; (4) Probability; (5) Sampling and sampling distributions: expectation and estimation; (6) Sampling from normal populations; (7) Sampling from normal populations: the chi-square distribution; (8) Sampling from normal populations: the Student $t$-distribution; (9) Sampling from normal populations$-F$-distribution with applications; (10) Analysis of variance: one-way classification; (11) More about the one-way classification; (12) Analysis of variance: multiway classifications; (13) An introduction to factorials; (14) Regression and related topics; (15) Analysis of counted data; (16) Distribution-free methods. Statistical tables. | |
| 510 | 4 | |a MR, |c 29 #1682 | |
| 100 | 1 | |a Wine, R. Lowell |q (Russell Lowell), |d 1918- | |
| 084 | |a 62-01 |2 msc2000 | ||
| 010 | |a 64017363 | ||
| 859 | |h 62 |i W767 |p A-3302 |b BIB. MATEMATICA | ||
